Score 0/36 Timer 05:00
1 Play Today
% Correct
Basset Hound
94.5%
Cod
94.4%
Dachshund
93.1%
Bass
93%
Beagle
92.4%
Great Dane
91.3%
Doberman Pinscher
90.9%
Labrador Retriever
90.7%
British Shorthair
90.1%
Exotic Shorthair
90%
English Setter
89.4%
Halibut
87.7%
Schnauzer
87.2%
Grouper
84.4%
Ocicat
83.4%
Yellow Tang
82.7%
Crappie
82.3%
Akita
81.8%
% Correct
Maine Coon
80.2%
Russian Blue
79.9%
Turkish Angora
78.5%
Albacore
78.1%
Delta Smelt
75.5%
Chartreux
69.8%
Australian Mist
68.5%
Ragdoll
65.2%
Quillback
63.8%
Khao Manee
62.1%
Dwarf Loach
61.1%
Birman
58.6%
Elver
53%
Alewife
52%
Akbash
48.6%
Leonberger
45.8%
Peterbald
41.1%
Elo
23.6%
Remove Ads.
Support Sporcle.
Get the best of Sporcle when you Go Orange. This ad-free experience offers more features, more stats, and more fun while also helping to support Sporcle. Thank you for becoming a member.

You're not logged in!

Compare scores with friends on all Sporcle quizzes.
OR
Log In

Sporcle TV

Today on Sporcle TV


Watch our educational content, quiz creation guides, and fun videos on Sporcle TV.

Show Comments

Extras

Top Quizzes Today


Score Distribution

Paid Content

Your Account Isn't Verified!

In order to create a playlist on Sporcle, you need to verify the email address you used during registration. Go to your Sporcle Settings to finish the process.

Report this User

Report this user for behavior that violates our Community Guidelines.

Details: